Dezert /

Saved in:
Bibliographic Details
Main Author: Sládeček, Ivan (Author)
Other Authors: Slaninková, Katarína, 1975- (Illustrator)
Format: Book
Language:Slovak
Published: [Bratislava] : Vydavateľstvo Spolku slovenských spisovateľov, c2003
Edition:1. vyd.
Subjects:
ISBN: 808061170X (brož.)
Physical Description: 51 s. : ilustr. ; 18 cm
Tags: Add Tag
No Tags, Be the first to tag this record!

MARC

LEADER 00000nam a2200000 a 4500
001 000000468
003 SVKK
005 20050110090127.0
008 040309s2003 xo a e 000 p sloo
020 |a 808061170X (brož.) 
040 |a SVKKK  |b slo  |c SVKKK  |e AACR2 
041 0 |a slo 
044 |a xo  |c SK 
072 7 |a 821.162.4-1  |x Slovenská poézia  |2 konspekt 
080 |a 821.162.4-1  |2 1997 
080 |a (0:82-1)  |2 1997 
100 1 |a Sládeček, Ivan  |4 aut 
245 1 0 |a Dezert /  |c Ivan Sládeček ; [ilustrácie: Katarína Slaninková] 
250 |a 1. vyd. 
260 |a [Bratislava] :  |b Vydavateľstvo Spolku slovenských spisovateľov,  |c c2003 
300 |a 51 s. :  |b ilustr. ;  |c 18 cm 
500 |a Údaj o ilustr. prevzatý z rubu tit. strany 
655 7 |a slovenská poézia  |2 SVKKKPH 
655 7 |a umelecká literatúra  |2 SVKKKPH 
700 1 |a Slaninková, Katarína,  |d 1975-  |4 ill 
919 |a 80-8061-170-X 
998 |a BK 
090 |g SCKHL  |k Sklad Hlavná 10 prízemie  |a I.72770  |j 959901  |i 2720020861  |s Absenčne